LEADER 01477naa a2200241 u 4500 001 000000094281 003 CaOOAMICUS 005 20070226130137.0 008 010830s1995 fr u000 u fre u 035 $a10900620 040 $aPUL(R)$bita 100 1 $aVerhoeven, Joe,$d1943-$0(OLS)http://pul/name/56088 245 13$aLa mise en oeuvre de la Convention sur l'interdiction et l'élimination des armes chimiques :$bproblèmes et prospectives /$cJoe Verhoeven. 260 $a[S. l. :$bs. n.],$c1995. 300 $aP. [267-284] 504 $aBibliografia in nota. 611 24$aChemical Weapons Convention$d(1993).$0(OLS)http://pul/subject/30116 650 4$aDisarmo.$0(OLS)http://pul/subject/18878 650 4$aDiritto internazionale pubblico.$0(OLS)http://pul/subject/13984 773 0 $aAcadémie de droit international.$tColloque = Workshop$g1994 773 0 $aAcadémie de droit international.$tLa Convention sur l'interdiction et l'élimination des armes chimiques : une percée dans l'enterprise multilatérale du désarmement : Colloque, La Haye, 24-26 novembre 1994 = The convention of the prohibition and eliminations of chemical weapons : a breakthrough in multilateral disarmament : Workshop, The Hague, 24-26 november 1994$w()61055 996 $6245$aLa mise en oeuvre de la Convention sur l'interdiction et l'élimination des armes chimiques :$bproblèmes et prospectives$9(OLS)http://pul/title/121144 996 $6260$a[S. l. :$bs. n.]$9(OLS)http://pul/publisher/47882 LEADER 01226nam a2200253 u 4500 001 000000110704 003 CaOOAMICUS 005 20080317103551.0 008 080317s2006 it u000 u ita u 020 $a88-217-2268-6 040 $aPUL$bita$dMCT 245 00$aCooperative :$badempimenti fiscali, contabili, civilistici, amministrativi e previdenziali aggiornato con la Manovra Finanziaria 2006, guida operativa /$cM. Benni, ... [et al.]. 250 $a7. ed. 260 $a[S.l.] :$bIpsoa,$c2006. 300 $aXXVIII, 640 p. ;$c24 cm. 504 $aInclude riferimenti bibliografici. 650 4$aCooperative$xDiritto.$0(OLS)http://pul/subject/20731 700 1 $aBenni, Marco.$0(OLS)http://pul/name/67903 850 $aPUL 852 $aPUL$W1$xSL Diritto e Scienze Sociali 3$y79$m334 BENMA 1$j126839$qDDC 21$B125560$CPULBib$Z2$F125560 $H106773 $82 941 1 $a9 996 $6020$a88-217-2268-6$9(OLS)http://pul/number/137560 996 $6245$aCooperative :$badempimenti fiscali, contabili, civilistici, amministrativi e previdenziali aggiornato con la Manovra Finanziaria 2006, guida operativa$9(OLS)http://pul/title/139222 996 $6260$a[S.l.] :$bIpsoa$9(OLS)http://pul/publisher/77155